00622nam a2200205Ia 45000030006000000050017000060080041000230400009000640410012000730820018000851000016001032450049001192600020001683000008001885050021001966500065002179420007002829990017002899520110003060Nust20170105110300.0161124s9999 xx 000 0 und d cIGIS aEnglish a628.1 22bSHA aU.M .Shamsi aArc GIS 9 Managing Arcsde Appliction Servers aphot copyc2005 a413 aGIS Applications aGIS Applications for Water Wastewater and Stormwater Systems cBK c31136d31136 001040708TextaIGISbIGISd0000-00-00ephot copyl0o628.1 22SHApIGIS1044r2017-01-05w0000-00-00yBK